Studia z historii najnowszej Polski. (Rekord nr 27897)
| 000 -Nagłówek | |
|---|---|
| fixed length control field | 02008cam a2200493 i 4500 |
| 001 - Nr kontrolny bibl., która utworzyła rek. | |
| control field | xx004989439 |
| 003 - Siglum bibl., której nr kontr. jest w 001 | |
| control field | NUKAT |
| 005 - Data i czas ostatniej operacji | |
| control field | 20260430112748.0 |
| 008 - Elementy pola stałej długości | |
| fixed length control field | 201105s2020 pl a |001 0 pol c |
| 020 ## - ISBN | |
| ISBN | 9788380989955 |
| dopowiedzenie | (oprawa miękka ; |
| -- | druk) |
| 020 ## - ISBN | |
| ISBN | 9788380989962 |
| dopowiedzenie | (oprawa miękka ; |
| -- | pdf online) |
| 035 ## - Systemowy numer kontrolny | |
| systemowy numer kontrolny | (OCoLC)1204346521 |
| 035 ## - Systemowy numer kontrolny | |
| systemowy numer kontrolny | (NUKAT)xx004989439 |
| 040 ## - Instytucja sporządzająca opis | |
| Instytucja, która sporządziła opis | GD U/MJ |
| język katalgowania-trzyzn. kod | pol |
| zasady opisu | rda |
| Instytucja, która sporządziła rekord | GD U/MJs |
| Instytucja, która zmodyfikowała rekord | WA 14/MBs |
| -- | OLSZT 008/bak |
| 045 2# - Okres czasu dla zawartości | |
| czas między r. 9999 pne a nasz. czas. | d1945 |
| -- | d1990 |
| 046 ## - Kod rodz. daty, data1, data2 (daty pne) | |
| Begin/single date | 2020 |
| 245 00 - Tytuł właściwy i oznaczenie odpow. | |
| tytuł | Studia z historii najnowszej Polski. |
| numer części/sekcji pracy | T. 2 / |
| dod. inf. ze s. tyt./ozn. odpow. | pod redakcją Rafała Łatki i Michała Przeperskiego ; Instytut Pamięci Narodowej. Komisja Ścigania Zbrodni przeciwko Narodowi Polskiemu. |
| 260 ## - Adres wydawniczy | |
| miejsce wydania, dystrybucji itp. | Warszawa : |
| nazwa wydawcy, dystrybutora itp. | Instytut Pamięci Narodowej, |
| data wydania, dystrybucji itp. | 2020. |
| 300 ## - Opis fizyczny | |
| objętość i/lub forma materiału | 188 stron : |
| inne szczegóły opisu fizycznego | ilustracje ; |
| format | 24 cm. |
| 336 ## - Content Type | |
| Term | Tekst |
| Code | txt |
| Source | rdacontent |
| 337 ## - Media Type | |
| Term | Bez urządzenia pośredniczącego |
| Code | n |
| Source | rdamedia |
| 338 ## - Carrier Type | |
| Term | Wolumin |
| Code | nc |
| Source | rdacarrier |
| 380 ## - Form of work | |
| Form of work | Książki |
| 380 ## - Form of work | |
| Form of work | Publikacje naukowe |
| 388 1# - TIME PERIOD OF CREATION | |
| Time period of creation term | 2001- |
| 504 ## - Uwaga o bibliografii | |
| uwaga o bibliografii | Bibliografia przy pracach. Indeks. |
| 648 #7 - SUBJECT ADDED ENTRY--CHRONOLOGICAL TERM | |
| Chronological term | 1901-2000 |
| Source of heading or term | DBN |
| 9 (RLIN) | 34996 |
| 648 #7 - SUBJECT ADDED ENTRY--CHRONOLOGICAL TERM | |
| Chronological term | 1945-1989 |
| Source of heading or term | DBN |
| 9 (RLIN) | 36043 |
| 648 #7 - SUBJECT ADDED ENTRY--CHRONOLOGICAL TERM | |
| Chronological term | 1989-2000 |
| Source of heading or term | DBN |
| 9 (RLIN) | 36156 |
| 650 #7 - Hasło przedmiotowe-nazwa pospolita | |
| nazwa pospolita lub geogr. | PRL |
| źródło hasła | DBN |
| 9 (RLIN) | 35084 |
| 651 #7 - Hasło przedmiotowe-nazwa geogr. | |
| nazwa geograficzna | Polska |
| źródło hasła | DBN |
| 9 (RLIN) | 35076 |
| 651 #7 - Hasło przedmiotowe-nazwa geogr. | |
| nazwa geograficzna | Polska |
| określnik chronologiczny | 1918-1939 (II Rzeczpospolita). |
| źródło hasła | kaba |
| 9 (RLIN) | 1394 |
| 651 #7 - Hasło przedmiotowe-nazwa geogr. | |
| nazwa geograficzna | Polska |
| określnik chronologiczny | 1939-1945 (Okupacja niemiecka i sowiecka). |
| źródło hasła | kaba |
| 9 (RLIN) | 13202 |
| 651 #7 - Hasło przedmiotowe-nazwa geogr. | |
| nazwa geograficzna | Polska |
| określnik chronologiczny | 1944-1989 (Polska Ludowa). |
| źródło hasła | kaba |
| 9 (RLIN) | 14586 |
| 655 #7 - Termin określający rodzaj/formę | |
| rodzaj/forma | Materiały konferencyjne |
| źródło terminu | DBN |
| 9 (RLIN) | 36310 |
| 655 #7 - Termin określający rodzaj/formę | |
| rodzaj/forma | Praca zbiorowa |
| źródło terminu | DBN |
| 9 (RLIN) | 35107 |
| 658 ## - Nazwa określająca cel programu nauczania | |
| główny cel programu nauczania | Historia |
| 700 1# - Hasło dodatkowe - nazwa osobowa | |
| nazwa osobowa | Łatka, Rafał |
| daty biograficzne | (1985- ). |
| rodzaj współpracy | Redakcja |
| 9 (RLIN) | 15865 |
| 700 1# - Hasło dodatkowe - nazwa osobowa | |
| nazwa osobowa | Przeperski, Michał |
| daty biograficzne | (1986- ). |
| rodzaj współpracy | Redakcja |
| 9 (RLIN) | 14041 |
| 710 2# - Hasło dodatkowe - nazwa ciała zbior. | |
| nazwa ciała zbior. lub nazwa geogr. | Instytut Pamięci Narodowej - Komisja Ścigania Zbrodni przeciwko Narodowi Polskiemu. |
| rodzaj współpracy | Instytucja sprawcza |
| -- | Wydawca |
| kod rodzaju współpracy | pbl |
| 9 (RLIN) | 11792 |
| 920 ## - ISBN | |
| ISBN | 978-83-8098-995-5 (oprawa miękka ; druk) |
| 920 ## - ISBN | |
| ISBN | 978-83-8098-996-2 (oprawa miękka ; pdf online) |
| 942 ## - ADDED ENTRY ELEMENTS (KOHA) | |
| Source of classification or shelving scheme | Dewey Decimal Classification |
| Koha item type | pozycje dostępne na miejscu |
| Status wycofania | Status zagubienia | Klasyfikacja | Status uszkodzenia | Blokada wypożyczeń | Kolekcja | Lokalizacja macierzysta | Lokalizacja bieżąca | Data nabycia | Numer akcesji | Źródło akcesji | Cena | Nr inwentarzowy | il. wypożyczeń | Sygnatura | Kod kreskowy | Date last seen | Price effective from | Typ egz. |
|---|---|---|---|---|---|---|---|---|---|---|---|---|---|---|---|---|---|---|
| Dewey Decimal Classification | nieuszkodzona | książka w magazynie | Biblioteka Instytutu Północnego w Olsztynie | Biblioteka Instytutu Północnego w Olsztynie | 30/11/2020 | D-36/2020 | dar | 25.00 | 59986 | 59986 | IPWK24090 | 30/04/2026 | 30/04/2026 | pozycje dostępne na miejscu |